5HLuxD.jpg

KING HENRY VIII SENIOR AND PRIMARY SCHOOL LIBRARY OPAC

How to read a Shakespeare play / (Record no. 385)

000 -LEADER
fixed length control field 01859cam a2200349 a 4500
001 - CONTROL NUMBER
control field 14079090
003 - CONTROL NUMBER IDENTIFIER
control field OSt
005 - DATE AND TIME OF LATEST TRANSACTION
control field 20190809082903.0
008 - FIXED-LENGTH DATA ELEMENTS--GENERAL INFORMATION
fixed length control field 050818s2006 maua b 001 0 eng
010 ## - LIBRARY OF CONGRESS CONTROL NUMBER
LC control number 2005024137
020 ## - INTERNATIONAL STANDARD BOOK NUMBER
International Standard Book Number 1405113952 (alk. paper)
020 ## - INTERNATIONAL STANDARD BOOK NUMBER
International Standard Book Number 9781405113953 (alk. paper)
Qualifying information Hardback
035 ## - SYSTEM CONTROL NUMBER
System control number (OCoLC)ocm61309368
040 ## - CATALOGING SOURCE
Original cataloging agency DLC
Transcribing agency DLC
Modifying agency BAKER
-- C#P
-- VP@
-- YDXCP
-- OCLCQ
-- BTCTA
-- MNY
-- NOR
-- DLC
082 00 - DEWEY DECIMAL CLASSIFICATION NUMBER
Classification number 822.33 BEV
Edition number 22
100 1# - MAIN ENTRY--PERSONAL NAME
Personal name Bevington, David M.
Relator term author
245 10 - TITLE STATEMENT
Title How to read a Shakespeare play /
Statement of responsibility, etc. David Bevington.
260 ## - PUBLICATION, DISTRIBUTION, ETC.
Place of publication, distribution, etc. Malden, MA :
Name of publisher, distributor, etc. Blackwell Pub.,
Date of publication, distribution, etc. 2006.
300 ## - PHYSICAL DESCRIPTION
Extent viii, 172 p. :
Other physical details ill. ;
Dimensions 23 cm.
490 1# - SERIES STATEMENT
Series statement How to study literature
504 ## - BIBLIOGRAPHY, ETC. NOTE
Bibliography, etc. note Includes bibliographical references (p. 163-166) and index.
505 00 - FORMATTED CONTENTS NOTE
Title List of illustrations --
Miscellaneous information 1.
Title How to read a Shakespeare play --
Miscellaneous information 2. A
Title midsummer night's dream --
Miscellaneous information 3.
Title Romeo and Juliet --
Miscellaneous information 4.
Title Henry IV, part 1 --
Miscellaneous information 5.
Title Hamlet --
Miscellaneous information 6.
Title King Lear --
Miscellaneous information 7. The
Title tempest --
Miscellaneous information 8.
Title Epilogue --
-- Further reading --
-- Index.
600 10 - SUBJECT ADDED ENTRY--PERSONAL NAME
Personal name Shakespeare, William,
Dates associated with a name 1564-1616
General subdivision Study and teaching.
600 10 - SUBJECT ADDED ENTRY--PERSONAL NAME
Personal name Shakespeare, William,
Dates associated with a name 1564-1616
General subdivision Appreciation.
830 #0 - SERIES ADDED ENTRY--UNIFORM TITLE
Uniform title How to study literature (Malden, Mass.)
856 41 - ELECTRONIC LOCATION AND ACCESS
Materials specified Table of contents
Uniform Resource Identifier <a href="http://www.loc.gov/catdir/toc/ecip0517/2005024137.html">http://www.loc.gov/catdir/toc/ecip0517/2005024137.html</a>
856 42 - ELECTRONIC LOCATION AND ACCESS
Materials specified Contributor biographical information
Uniform Resource Identifier <a href="http://www.loc.gov/catdir/enhancements/fy0802/2005024137-b.html">http://www.loc.gov/catdir/enhancements/fy0802/2005024137-b.html</a>
856 42 - ELECTRONIC LOCATION AND ACCESS
Materials specified Publisher description
Uniform Resource Identifier <a href="http://www.loc.gov/catdir/enhancements/fy0802/2005024137-d.html">http://www.loc.gov/catdir/enhancements/fy0802/2005024137-d.html</a>
906 ## - LOCAL DATA ELEMENT F, LDF (RLIN)
a 7
b cbc
c orignew
d 1
e ecip
f 20
g y-gencatlg
942 ## - ADDED ENTRY ELEMENTS (KOHA)
Source of classification or shelving scheme
Koha item type Books - Non Ficton
Holdings
Withdrawn status Lost status Source of classification or shelving scheme Damaged status Not for loan Collection code Permanent Location Current Location Shelving location Date acquired Total Checkouts Full call number Barcode Date last seen Date last checked out Price effective from Koha item type
          Non-Fiction KH8 Senior School Library KH8 Senior School Library Non Fiction 2019-08-09 1 822.33 BEV 3KHSL000100160 2020-03-09 2020-02-21 2019-08-09 Books - Non Ficton

Powered By KH8 IT Dept